Evénements du 12 juillet - Statistiques

Statistiques générales
  • Ce quiz a été pris 28 fois
  • Le résultat moyen est 10 sur 15
Statistiques - réponses
Hint Réponse % Correct
Naissance de Lionel Jospin 1937
96%
Victoire française à la coupe du monde de football 1998
96%
Mort de Bertrade de Laon, mère de Charlemagne 783
96%
Acre se rend à Philippe Auguste 1191
88%
Réhabilitation du capitaine Dreyfus 1906
72%
1er concert des Rolling Stones 1962
72%
Publication de la Bible d'Ostrog 1580
64%
Adoption de la constitution civile du clergé 1790
64%
Naissance d'Albert Calmette 1863
60%
Indépendance de Sao Tomé et Principe 1975
56%
Naissance de Louis II de Monaco 1870
48%
Indépendance de Kiribati 1979
48%
Election du pape Innocent XII 1691
36%
Début de la démolition des halles de Paris 1971
32%
Condamnation à mort de Jérôme Carrein 1976
32%
Aucun quiz correspondant
Distribution des résultats
% des personnes avec chaque résultat
Percentile par nombre de réponses
Votre historique - résultats
Vous n’avez pas pris ce quiz